| 000 | 00822nam a2200253 i 4500 | ||
|---|---|---|---|
| 001 | 77574 | ||
| 003 | ES-MaACL | ||
| 005 | 20230906173300.0 | ||
| 007 | t| | ||
| 008 | 041021s2000 sp ||||1| spa d | ||
| 020 | _a84-95359-14-6 | ||
| 080 | _a821.134.2(7/8).09"19" | ||
| 100 | 1 |
_aVaranini, Francesco. _9113116 |
|
| 245 | 1 | 0 |
_aViaje literario por América Latina / _cFrancesco Varanini ; traducción de Attilio Pentimalli. |
| 250 | _a1ª ed. en el Acantilado. | ||
| 260 |
_aBarcelona : _bEl Acantilado, _c2000. |
||
| 300 |
_a831 p. ; _c22 cm. |
||
| 490 | 1 |
_aAcantilado ; _v24 |
|
| 650 | 1 | 4 |
_aLiteratura hispanoamericana- _yS.XX- _xHistoria y crítica. _914614 |
| 700 | 1 |
_aPentimalli, Attilio. _990196 |
|
| 830 | 0 |
_aAcantilado ; _v24 _9182222 |
|
| 852 |
_aES-MaACL _jL-28334 _bR.134249 |
||
| 999 |
_c77574 _d77574 |
||